000 01426nam a22001817a 4500
005 20230616111627.0
008 230616b ||||| |||| 00| 0 eng d
020 _a9780071101479
050 _aHB171.S6276(8e)
100 _9Slavin, Stephen L.
245 _aEconomics /
_cStephen L. Slavin.
250 _a8th ed.
260 _aNew York :
_bMcGraw-Hill Irwin
_c2008.
300 _axxiii, 833 p. :
_bill. ;
_c28 cm.
500 _aIncludes glossary and index.
505 _aContents: A brief economic history of the United States -- Resource utilization -- Supply and demand -- The mixed economy -- The household-consumption sector -- The business-investment sector -- The government sector -- The export-import sector -- Gross domestic product -- Economic fluctuations, unemployment, and inflation -- Classical and Keynesian economics -- Fiscal policy and the national debt -- Money and banking -- The federal reserve and monetary policy -- Economic growth and productivity -- Demand, supply, equilibrium -- The Elasticities of demand and supply -- Theory of consumer behavior -- Cost -- Profit, loss, and perfect competition -- Monopoly -- Monopolistic competition -- Oligopoly -- Corporate mergers and antitrust -- Demand in the factor market -- Labor unions -- Labor markets and wage rates -- Rent, interest, and profit -- Income distribution and poverty -- International trade -- International finance.
942 _2lcc
_cBK
999 _c9712
_d17212